000 00431nam a22001697a 4500
005 20160528110631.0
008 160528b xxu||||| |||| 00| 0 eng d
020 _a81259-1449-8
041 _aeng
082 _b5718
100 _aGaur, Sanjaya Singh
_91435
245 _aEvent Marketing and Management
260 _aNew Delhi
_bVikas Publishing House (P) Ltd.
_c2003
300 _a236
650 _aManagement
_9241
942 _cBK
999 _c2030
_d2029